Statistics for Thunderbird characters

Click here to take the quiz!

General Stats

  • This quiz has been taken 95 times
  • The average score is 9 of 12

Answer Stats

Hint Answer % Correct
The controller of thunderbird 2Virgil
93%
The person in charege over allJeff
92%
The controller of thunderbird 1Scott
92%
The controller of thunderbird 3Alan
91%
The genius behind it everthingBrains
89%
The controller of thunderbird 5John
87%
The person who assists the person who operates from her stately homeParker
86%
The person who operates from her stately homeLady Penelope
83%
The evil master minedThe Hood
71%
She spoil the boys with her cookingGrandma
57%
The controller of thunderbird 4Gordan
49%
Jeff tracys serventKyrano
43%

Score Distribution

Percentile by Number Answered

Percent of People with Each Score

Your Score History

You have not taken this quiz